| 000 | 01070cam a2200157 4500500 | ||
|---|---|---|---|
| 005 | 20260111085054.0 | ||
| 041 | _afre | ||
| 042 | _adc | ||
| 100 | 1 | 0 |
_aHoman, Sophie _eauthor |
| 245 | 0 | 0 | _aLa culture arabe classique pour tous, Heidi Toelle et Katia Zakharia, A la découverte de la littérature arabe du VIe siècle à nos jours , Champs Flammarion, 388 p., 9 euros. Les Suspendues (Al-Mu’allaqât), traduction et présentation par Heidi Toelle, Garnier-Flammarion, 295 p., 10,50 euros. Al-Andalus. Anthologie , Traduction et présentation par Brigitte Foulon et Emmanuelle Tixier du Mesnil, Garnier-Flammarion, 480 p., 12,30 euros |
| 260 | _c2009. | ||
| 500 | _a15 | ||
| 520 | _aPrésentées comme extrémistes, les familles juives installées dans les implantations des Territoires occupés depuis 1967 ne se considèrent pas comme des colons. | ||
| 786 | 0 | _nLes Cahiers de l'Orient | 95 | 3 | 2009-08-04 | p. 156a-157a | 0767-6468 | |
| 856 | 4 | 1 | _uhttps://shs.cairn.info/revue-les-cahiers-de-l-orient-2009-3-page-156a?lang=fr&redirect-ssocas=7080 |
| 999 |
_c1617615 _d1617615 |
||